000 00414nam a2200169Ia 4500
008 230524s9999 xx 000 0 und d
020 _a9789380578279
082 _bMIT
100 _aP.K. Mittal
245 0 _a"Oscillations,Waves and Acoustics"
250 _a1
260 _aNew Delhi
_bI.K.International
_c2010
300 _a"XII, 547p;"
500 _aQuantity Number: 1
650 _aPhysics
942 _cBK
999 _c57914
_d57914